<?xml version="1.0" encoding="UTF-8"?>
<record
    xmlns:xsi="http://www.w3.org/2001/XMLSchema-instance"
    xsi:schemaLocation="http://www.loc.gov/MARC21/slim http://www.loc.gov/standards/marcxml/schema/MARC21slim.xsd"
    xmlns="http://www.loc.gov/MARC21/slim">

  <leader>01132nam0a2200277   4500</leader>
  <controlfield tag="001">RU\NLR\BIBL_A\022785982</controlfield>
  <controlfield tag="005">20260420064303.0</controlfield>
  <datafield tag="010" ind1=" " ind2=" ">
    <subfield code="9">5000</subfield>
  </datafield>
  <datafield tag="035" ind1=" " ind2=" ">
    <subfield code="a">(NLR Aleph) 022785982</subfield>
  </datafield>
  <datafield tag="090" ind1=" " ind2=" ">
    <subfield code="a">13690492</subfield>
    <subfield code="c">13690492</subfield>
  </datafield>
  <datafield tag="100" ind1=" " ind2=" ">
    <subfield code="a">20260415d1980    m  y0rusy50      ca</subfield>
  </datafield>
  <datafield tag="101" ind1="0" ind2=" ">
    <subfield code="a">tyv</subfield>
  </datafield>
  <datafield tag="102" ind1=" " ind2=" ">
    <subfield code="a">RU</subfield>
  </datafield>
  <datafield tag="105" ind1=" " ind2=" ">
    <subfield code="a">a |||||||||  </subfield>
  </datafield>
  <datafield tag="200" ind1="1" ind2=" ">
    <subfield code="a">&#x41A;&#x430;&#x442;&#x442;&#x44B;&#x440;&#x44B;&#x43C;&#x437;&#x430;&#x430;&#x43D; &#x447;&#x430;&#x4A3;&#x44B; &#x447;&#x430;&#x440;&#x430;&#x448;</subfield>
    <subfield code="e">&#x448;&#x43E;&#x43E;&#x434;&#x443;&#x433;&#x43B;&#x443;&#x433; &#x431;&#x43E;&#x43B;&#x433;&#x430;&#x448; &#x431;&#x430;&#x448;&#x442;&#x430;&#x43A; &#x447;&#x443;&#x433;&#x430;&#x430;&#x43B;&#x430;&#x440;</subfield>
    <subfield code="f">&#x412;&#x430;&#x441;&#x438;&#x43B;&#x438;&#x439; &#x41C;&#x43E;&#x43D;&#x433;&#x443;&#x448;</subfield>
  </datafield>
  <datafield tag="210" ind1=" " ind2=" ">
    <subfield code="a">&#x41A;&#x44B;&#x437;&#x44B;&#x43B;</subfield>
    <subfield code="c">&#x422;&#x44B;&#x432;&#x430;&#x43D;&#x44B;&#x4A3; &#x43D;&#x43E;&#x43C; &#x4AF;&#x43D;&#x434;&#x4AF;&#x440;&#x435;&#x440; &#x447;&#x435;&#x440;&#x438;</subfield>
    <subfield code="d">1980</subfield>
  </datafield>
  <datafield tag="215" ind1=" " ind2=" ">
    <subfield code="a">114 c</subfield>
    <subfield code="c">&#x438;&#x43B;.</subfield>
    <subfield code="d">17</subfield>
  </datafield>
  <datafield tag="330" ind1=" " ind2=" ">
    <subfield code="a">&#x412; &#x43A;&#x43D;&#x438;&#x433;&#x435; &#x430;&#x432;&#x442;&#x43E;&#x440; &#x441; &#x43F;&#x440;&#x438;&#x441;&#x443;&#x449;&#x435;&#x439; &#x435;&#x43C;&#x443; &#x438;&#x440;&#x43E;&#x43D;&#x438;&#x435;&#x439; &#x44E;&#x43C;&#x43E;&#x440;&#x438;&#x441;&#x442;&#x430; &#x432;&#x44B;&#x441;&#x43C;&#x435;&#x438;&#x432;&#x430;&#x435;&#x442; &#x43B;&#x44E;&#x434;&#x441;&#x43A;&#x438;&#x435; &#x43F;&#x43E;&#x440;&#x43E;&#x43A;&#x438;.</subfield>
  </datafield>
  <datafield tag="541" ind1="1" ind2=" ">
    <subfield code="a">&#x423;&#x43B;&#x44B;&#x431;&#x43E;&#x447;&#x43A;&#x430; &#x43A;&#x440;&#x430;&#x441;&#x430;&#x432;&#x438;&#x446;&#x44B;</subfield>
    <subfield code="e">&#x441;&#x430;&#x442;&#x438;&#x440;&#x438;&#x447;&#x435;&#x441;&#x43A;&#x438;&#x435; &#x438; &#x44E;&#x43C;&#x43E;&#x440;&#x438;&#x441;&#x442;&#x438;&#x447;&#x435;&#x441;&#x43A;&#x438;&#x435; &#x43C;&#x438;&#x43D;&#x438;&#x430;&#x442;&#x44E;&#x440;&#x44B;</subfield>
    <subfield code="z">rus</subfield>
  </datafield>
  <datafield tag="686" ind1="1" ind2=" ">
    <subfield code="a">&#x428;6(2=&#x422;&#x443;&#x432;)7-4</subfield>
  </datafield>
  <datafield tag="700" ind1=" " ind2="1">
    <subfield code="a">&#x41C;&#x43E;&#x43D;&#x433;&#x443;&#x448;</subfield>
    <subfield code="b">&#x412;. &#x411;.-&#x425;.</subfield>
    <subfield code="g">&#x412;&#x430;&#x441;&#x438;&#x43B;&#x438;&#x439; &#x411;&#x43E;&#x440;&#x430;-&#x425;&#x43E;&#x43E;&#x435;&#x432;&#x438;&#x447;</subfield>
    <subfield code="4">070</subfield>
  </datafield>
  <datafield tag="852" ind1=" " ind2=" ">
    <subfield code="a">NLR</subfield>
    <subfield code="b">&#x41E;&#x41D;&#x41B;</subfield>
    <subfield code="j">&#x422;&#x443;&#x432;./2-1019</subfield>
  </datafield>
  <datafield tag="942" ind1=" " ind2=" ">
    <subfield code="c">BOOK</subfield>
  </datafield>
  <datafield tag="980" ind1=" " ind2=" ">
    <subfield code="a">NB</subfield>
  </datafield>
  <datafield tag="980" ind1=" " ind2=" ">
    <subfield code="a">ONL_RF</subfield>
  </datafield>
</record>
